Bản đồ giáo khoa

Khái quát về bản đồ giáo khoa. Những vấn đề chung thành lập bản đồ giáo khoa. Thiết kế và biên tập bản đồ

Sparad:
Bibliografiska uppgifter
Huvudupphovsman: Lâm Quang Dốc (Tác giả)
Materialtyp: Bok
Språk:Vietnamese
Publicerad: H. Đại học sư phạm 2003
Ämnen:
Taggar: Lägg till en tagg
Inga taggar, Lägg till första taggen!
Thư viện lưu trữ: Mạng thư viện Đại học Đà Nẵng
LEADER 01183nam a2200349 4500
001 000008727
003 4919
005 20120814160800.0
008 111019s2003 viesd
020 |c 22500đ 
041 0 |a vie 
082 |a 526  |b LA-D 
100 0 |a Lâm Quang Dốc  |e Tác giả 
245 0 |a Bản đồ giáo khoa  |c Lâm Quang Dốc 
260 |a H.  |b Đại học sư phạm  |c 2003 
300 |a 281tr  |c 19 cm 
504 |a Mục lục tr3 
520 |a Khái quát về bản đồ giáo khoa. Những vấn đề chung thành lập bản đồ giáo khoa. Thiết kế và biên tập bản đồ 
653 |a Giáo trình 
653 |a Bản đồ 
653 |a Giáo khoa 
910 |a Thương  |d 19/10/2011 
OWN |a LSP 
AVA |a UDN50  |b LSP  |d 526 LA-D  |e check_holdings  |t Error 5003 Not defined in file expand_doc_bib_avail.  |h N  |k 1 
999 |a From the UDN01 
AVA |a UDN50  |b LSP  |d 526 LA-D  |e available  |t Error 5001 Not defined in file expand_doc_bib_avail.  |f 49  |g 0  |h N  |i 3  |k 1 
TYP |a Monograph 
TYP |a Printed language 
980 |a Mạng thư viện Đại học Đà Nẵng